000 00752nam a22002654a 4500
001 UByD003038
003 AR-LpoUNG
005 20240816123412.0
008 240808s2009||||ag j 000|1 spa d
020 _a9789500110068
040 _aAR-LpoUNG
_bspa
_cAR-LpoUNG
_eaacr
041 0 _aspa
082 0 4 _a808.068 3 429ave
_220
100 1 _aWeissfeld, Claudio
245 1 4 _aLas aventuras de Robin Hood :
_buna versión para chicos de la leyenda medieval
250 _a1ra. ed.
260 _aBuenos Aires :
_bEstrada,
_c2009.
300 _a141 p.
505 _aSugerido a partir de 12 años (etiqueta FUCSIA)
650 4 _aLITERATURA
651 4 _aARGENTINA
653 0 _aLITERATURA INFANTOJUVENIL
905 _a34460
942 _cLIB
_2ddc
999 _c65629
_d65629